000 00343nam a22001457a 4500
008 210303b ||||| |||| 00| 0 eng d
020 _a9781437722147
041 _aeng
080 _25th
_a610.73
082 _a610.73
100 _a1
101 _aINF
245 _aIntroduction to Medical Surgical Nursing
_cMaebius, N. K
942 _2udc
_cBK
999 _c55648
_d55648